De cómo un gobierno sí pudo llegar a su final

Uloženo v:
Podrobná bibliografie
Médium: Text
Témata:
Tagy: Přidat tag
Žádné tagy, Buďte první, kdo vytvoří štítek k tomuto záznamu!

MARC

LEADER 00000 a a2200000 04500
001 1515
003
040
245 |a De cómo un gobierno sí pudo llegar a su final  
650 |a POLITICA  
650 |a GOLPES DE ESTADO  
650 |a ECONOMIA  
650 |a FMI  
650 |a LIBERALIZACION ECONOMICA  
650 |a COSTA RICA  
773 |g número 4; páginas 7-8  
999 |c 21922  |d 21922